| 000 | 00447nam a22001697a 4500 | ||
|---|---|---|---|
| 003 | NUST - PNEC | ||
| 005 | 20170116180751.0 | ||
| 008 | 150311b xxu||||| |||| 00| 0 eng d | ||
| 040 | _cLIBRARY | ||
| 082 | _a891.439 WAS | ||
| 100 |
_91725 _aWasif Ali Wasif |
||
| 245 |
_aGuftagu-10 _cWasif Ali Wasif |
||
| 260 |
_aLahore : _bKashif Publications, _cc2002. |
||
| 300 |
_a266 p. : _c22 cm. |
||
| 650 |
_91726 _aLiterature _xGeneral |
||
| 942 |
_2ddc _cBK |
||
| 999 |
_c62568 _d62568 |
||